000 00469nam a2200157 i 4500
001 61836
003 ES-MaACL
005 20230906164543.0
007 t|
008 031114s1935 fr ||||1| fre d
100 1 _aFaÿ, Bernard.
_949013
245 1 3 _aLa franc-maconnerie et la revolution intellectuelle du XVIIe siecle /
_cpar Bernard Faÿ.
260 _aParis :
_b[s.n.],
_c1935 (
_eDijon :
_fDarantiére)
300 _a286 p. ;
_c19 cm.
852 _aES-MaACL
_jA-4115
999 _c61836
_d61836